Alien Invasion - Statistics

General Stats
  • This quiz has been taken 1,953 times
  • The average score is 12 of 17
Answers on the Map
Answers color-coded by a green-red scale on the quiz's map according to % correct below.
 
Answer Stats
% Correct
Buildings Eiffel Tower
96%
Country Shapes Croatia
87%
Country Shapes Somalia
87%
Country Shapes Kazakhstan
84%
Flags North Macedonia
82%
Country Shapes Iran
79%
Country Shapes Peru
79%
Buildings Empire State Building
77%
Country Shapes Pakistan
77%
Country Shapes Yemen
76%
Flags Seychelles
72%
Country Shapes Belarus
64%
Flags Vanuatu
54%
Buildings Petronas Towers
51%
Buildings CN Tower
47%
Buildings Taipei 101
34%
Buildings Willis Tower
33%
No matching quizzes found
Score Distribution
Percent of People with Each Score
Percentile by Number Answered
Your Score History
You have not taken this quiz